| 000 | 00915nam a22002537a 4500 | ||
|---|---|---|---|
| 003 | BD-DhJNU | ||
| 005 | 20260222052600.0 | ||
| 008 | 260222b |||||||| |||| 00| 0 eng d | ||
| 020 | _a9788195321834 | ||
| 040 |
_aBD-DhJNU _bENG _cBD-DhJNU _dBD-DhJNU |
||
| 082 |
_223 _a891.44201 GHN |
||
| 100 | _aঘোষ, অজিতকুমার | ||
| 242 |
_aAbout the play/ _cD. Ajitkumer Goash |
||
| 245 |
_aনাটকের কথা / _cড. অজিতকুমার ঘোষ। |
||
| 246 | _aNatakera katha/ | ||
| 250 | _a4th. ed. | ||
| 260 |
_aকলিকাতা : _bসাহিত্য লোক, _c2006. |
||
| 300 |
_a[১০।], ২৬২ পৃ. : _bচিত্র ; _c২২ সেমি. । |
||
| 650 | _aবাংলা নাটক | ||
| 650 | _aBengali Drama | ||
| 650 | _aইতিহাস ও সমালোচনা | ||
| 650 | _aHistory and Criticism | ||
| 942 |
_2ddc _cBK _n0 |
||
| 999 |
_c2642 _d2642 |
||